| 000 | 01313cam a2200325 a 4500 | ||
|---|---|---|---|
| 999 |
_c4900 _d4900 |
||
| 001 | 13990613 | ||
| 005 | 20170529103229.0 | ||
| 008 | 050603s2004 enkab b 001 0 eng d | ||
| 010 | _a 2005440977 | ||
| 015 | _aGBA3-U9919 | ||
| 020 | _a0582414377 (pbk.) | ||
| 035 | _a(OCoLC)ocm52948026 | ||
| 040 |
_aUKM _cUKM _dOCLCQ _dGZM _dTXH _dC#P _dOCLCQ _dDLC |
||
| 042 | _alccopycat | ||
| 043 | _af-sa--- | ||
| 050 | 0 | 0 |
_aDT1757 _b.C52 2004 |
| 082 | 0 | 0 |
_a323.1196/8009045 _221 |
| 100 | 1 |
_aClark, Nancy L. _931246 |
|
| 245 | 1 | 0 |
_aSouth Africa : _bthe rise and fall of apartheid / _cNancy L. Clark and William H. Worger. |
| 260 |
_aHarlow, England ; _aNew York : _bPearson Longman, _c2004. |
||
| 300 |
_axviii, 180 p. : _bill., maps ; _c24 cm. |
||
| 440 | 0 |
_aSeminar studies in history _919165 |
|
| 504 | _aIncludes bibliographical references (p. 165-167) and index. | ||
| 650 | 0 |
_aApartheid _zSouth Africa _xHistory. _931247 |
|
| 651 | 0 |
_aSouth Africa _xPolitics and government _y1948-1994. _931248 |
|
| 700 | 1 |
_aWorger, William H. _931249 |
|
| 906 |
_a7 _bcbc _ccopycat _d2 _encip _f20 _gy-gencatlg |
||
| 942 |
_2lcc _cMONOGRAPH |
||